| 000 | 00393cam a22001217a 4500 | ||
|---|---|---|---|
| 008 | 180718b1973 xxu||||| |||| 00| 0 eng d | ||
| 082 | _aJ7x42 Un3 73 1 | ||
| 245 |
_aReport of the panel of inquiry _cby Department Of The Environment |
||
| 260 |
_aLondon _bHer Majesty's Stationery Office _c1973 |
||
| 300 | _axvi, 657p | ||
| 500 | _aVolume 1: Report | ||
| 700 | _aU.K. Department Of The Environment | ||
| 999 |
_c416688 _d416688 |
||